000 01123naa a22002417i 4500
001 232245
003 ES-MaBCM
005 20260209115745.0
008 260209s2026 sp ||||| |||| 00| 0 spa d
040 _cES-MaBCM
100 1 _aMonereo Pérez, José Luis
_931837
245 1 0 _aModificaciones sustanciales, despidos colectivos y períodos de consulta-negociación colectiva en el marco de la Directiva 98/59/CE =
_bSubstantial changes, collective redundancies and consultation-collective bargaining periods under Directive 98/59/EC
_cJosé Luis Monereo Pérez, Pompeyo Gabriel Ortega Lozano
504 _aIncluye referencias bibliográficas
504 _aIncluye bibliografía
650 7 _aDespido colectivo
_958390
650 7 _aCondición de trabajo
_958033
650 7 _aNegociación colectiva
_959535
650 7 _aDirectiva de la UE
_958417
655 4 _aJurisprudencia
_9115565
700 1 _aOrtega Lozano, Pompeyo Gabriel
_9119864
773 0 _dLas Rozas, Madrid
_gN. 143 (en. 2026) - Loc. En línea
_tLa Ley Unión Europea : revista de actualidad jurídica de la Unión Europea
_w214426
942 _2udc
_cAREV
999 _c232245
_d232245